Deutsche Großstädte auf einer leeren Karte - Statistiken

Allgemein
  • Dieses Quiz wurde 57 mal gespielt
  • Das Durchschnittsergebnis liegt bei 64 aus 80
Antworten auf der Karte
Die Antworten werden auf der Karte rot bzw. grün angezeigt, abhängig davon wie oft sie richtig erraten wurden.
 
Antwortstatistiken
Stadt % Korrekt
Hamburg
100%
Kiel
98%
München
98%
Berlin
96%
Dortmund
94%
Frankfurt am Main
94%
Hannover
94%
Köln
94%
Stuttgart
94%
Bremen
92%
Essen
92%
Bochum
90%
Dresden
90%
Freiburg im Breisgau
90%
Fürth
90%
Rostock
90%
Augsburg
88%
Bonn
88%
Braunschweig
88%
Leipzig
88%
Münster
88%
Nürnberg
88%
Potsdam
88%
Wolfsburg
88%
Erfurt
86%
Gelsenkirchen
86%
Jena
86%
Karlsruhe
86%
Leverkusen
86%
Lübeck
86%
Magdeburg
86%
Mainz
86%
Ulm
86%
Aachen
84%
Bielefeld
84%
Chemnitz
84%
Duisburg
84%
Düsseldorf
84%
Kassel
84%
Osnabrück
84%
Paderborn
84%
Saarbrücken
84%
Mannheim
82%
Oldenburg
82%
Wuppertal
82%
Bremerhaven
80%
Halle (Saale)
80%
Ingolstadt
80%
Regensburg
80%
Würzburg
80%
Offenbach am Main
78%
Wiesbaden
78%
Darmstadt
76%
Heidelberg
76%
Krefeld
76%
Mönchengladbach
76%
Oberhausen
76%
Erlangen
73%
Herne
73%
Koblenz
73%
Trier
73%
Göttingen
71%
Hagen
71%
Hamm
71%
Ludwigshafen am Rhein
71%
Mülheim an der Ruhr
69%
Recklinghausen
69%
Bottrop
67%
Heilbronn
67%
Kaiserslautern
67%
Neuss
65%
Siegen
65%
Gütersloh
63%
Remscheid
63%
Pforzheim
61%
Solingen
61%
Bergisch Gladbach
57%
Reutlingen
57%
Salzgitter
53%
Moers
47%
Keine übereinstimmenden Quizze gefunden
Verteilung der Resultate
Anzahl Personen mit jedem Resultat
Perzentil nach korrekt beantworteten Fragen
Ihre Resultats-Entwicklung
Sie haben dieses Quiz noch nicht gespielt